000 02089nam1a2200265 i 4500
001 RU\NLR\BIBL_A\010545678
005 20240921133415.0
035 _a(NLR Aleph) 010545678
090 _a10315008
_c10315008
100 _a20141107g20149999k y0rusy50 ca
101 0 _arus
102 _aRU
105 _a||||7||||||||
200 1 _aПроектно-исследовательская деятельность как средство становления профессиональной компетентности обучающегося системы профессионального образования
_eсборник статей межрегиональной научно-практической конференции, 20-21 марта 2014 г., [г. Чебоксары
_fредкол.: Г.В. Николаева (гл. ред.) и др.]
210 _aЧебоксары
_c[б. и.]
_d2014
215 _d20
300 _aНа обл. в надзаг.: Ассоц. орг. проф. образования Чуваш. Респ.
606 1 _aУчреждения профессионального образования
_jСъезды, совещания и т.п
_xНаучно-исследовательская работа учащихся
_92122067
_3RU\NLR\AUTH\661584995
686 1 _aЧ471.268я431
702 1 _4340
_aНиколаева
_bГ. В.
_cканд. пед. наук
_gГалина Владимировна
_9139922
_3RU\NLR\AUTH\770139957
711 1 2 _a"Проектно-исследовательская деятельность как средство становления профессиональной компетентности обучающегося системы профессионального образования", межрегиональная научно-практическая конференция
_eЧебоксары
_f2014
_9431335
_3RU\NLR\AUTH\880382528
852 _aNLR
_j2014-3/31076
942 _cBOOK